00736nam a2200217 a 450000100060000000300090000600800410001502000150005604000280007108200150009910000360011424501240015026000490027430000100032359000510033365000360038465000340042065000350045494200120048999900170050118246CO-ViMGA141112s2004 ck r 000 u spa d a9588017874 aCO-ViMGAbspacCO-ViMGA04a371.2 M1511 aMalagón, Felix Antonio92599010aPlanificación institucional en la educación. Un reto estrategico de cambio para los gerentes educativos innovadores aBogotá, cPanAméricana Editorial, c2003 a284p. aForma de adquisición : Donación MinCultura14aADMINISTRACION EDUCATIVA91893714aADMINISTRACION ESCOLAR91402314aPLANIFICACION EDUCATIVA914025 2ddccBK c27601d27601